LEADER 00982nam0-22003251i-450 001 990001814220403321 005 20210407122124.0 010 $a9252026800 035 $a000181422 035 $aFED01000181422 035 $a(Aleph)000181422FED01 035 $a000181422 100 $a20030910d1989----km-y0itay50------ba 101 0 $afre 102 $aIT 105 $aa p 001yy 200 1 $aManuels sur le contro?le de la qualite? des produits alimentaires$e9. introduction à l'échantillonage des aliments$fFAO 210 $aRoma$cFAO$d1989 215 $aVII, 85 p.$cill.$d30 cm 225 1 $aÉtude FAO: alimentation et nutrition$v14/9 610 0 $aAlimenti 676 $a664$v23$zita 710 02$aFAO$017670 801 0$aIT$bUNINA$gRICA$2UNIMARC 901 $aBK 912 $a990001814220403321 952 $a60 COLL. FAO 01/014 9$fFAGBC 959 $aFAGBC 996 $aManuels sur le controle de la qualité des produits alimentaires$9410298 997 $aUNINA LEADER 02229nam0 22004333i 450 001 PUV0932341 005 20251003044316.0 010 $a8884201187 100 $a20240522d2002 ||||0itac50 ba 101 | $aita 102 $ait 181 1$6z01$ai $bxxxe 182 1$6z01$an 183 1$6z01$anc$2RDAcarrier 200 1 $aForme di assistenza in Italia dal 15. al 20. secolo$fa cura di Giovanna Da Molin 210 $aUdine$cForum$d2002 215 $a175 p.$cill., tab., graf.$d24 cm 300 $aConvegno: La demografia storica italiana al passaggio del millennio, Bologna, 23-25 novembre 2000. Contributi della sessione: Forme di assistenza in Italia dal 15. al 20. secolo 300 $aIn testa al front.: Sides, Società italiana di demografia storica. 606 $aAssistenza sociale$xItalia$xSec. 15.-20.$xCongressi$x2000$2FIR$3LO1C879566$9I 676 $a361$9PROBLEMI SOCIALI E ASSISTENZA SOCIALE IN GENERALE$v23 676 $a361.945$9PROBLEMI SOCIALI E ASSISTENZA SOCIALE. Italia$v23 696 $aConvegni$aCongressi e convegni$aServizio sociale$aAssistenza sociale privata$aAssistenza sociale pubblica 699 $aCongressi$yConvegni 699 $aCongressi$yCongressi e convegni 699 $aAssistenza sociale$yServizio sociale 699 $aAssistenza sociale$yAssistenza sociale privata 699 $aAssistenza sociale$yAssistenza sociale pubblica 702 1$aDa Molin$b, Giovanna$3CFIV039547 712 02$aSocietà italiana di demografia storica$3CFIV008722 791 02$aS.I.De.S.$c $3CFIV201935$zSocietà italiana di demografia storica 801 3$aIT$bIT-000000$c20240522 850 $aIT-BN0095 901 $bNAP 01$cPOZZO LIB.$nVi sono collocati fondi di economia, periodici di ingegneria e scienze, periodici di economia e statistica e altri fondi comprendenti documenti di economia pervenuti in dono. 912 $aPUV0932341 950 0$aBiblioteca Centralizzata di Ateneo$c1 v.$d 01POZZO LIB.DONI DEMM 138$e 01 0000088775E VMA 1 v.$fB $h20221202$i20221202 977 $a 01 996 $aForme di assistenza in Italia dal 15. al 20. secolo$91094068 997 $aUNISANNIO